[Event "GBR-ch72"]
[Site "Edinburgh"]
[Date "1985.08.03"]
[Round "6.37"]
[White "Lalic, Susan Kathryn"]
[Black "Lewis, David Rhys"]
[Result "1-0"]
[WhiteElo "2050"]
[BlackElo "1885"]
[PlyCount "75"]
[EventDate "1985.07.29"]
[EventType "swiss"]
[EventRounds "11"]
[EventCountry "GBR"]
[SourceTitle "BritBase"]
[Source "John Saunders"]
[SourceDate "2020.09.07"]
[SourceVersion "1"]
[SourceVersionDate "2020.09.07"]
[SourceQuality "2"]

1. e4 e6 2. d4 a6 3. Bd3 b5 4. Nf3 Bb7 5. O-O c5 6. c3 Nf6 7. Re1 h6 8. a3 Be7
9. Nbd2 Nc6 10. Nf1 Qb6 11. Bb1 Na5 12. b3 Rc8 13. Ra2 Qc7 14. dxc5 g5 15. N3d2
d6 16. b4 Nc6 17. cxd6 Bxd6 18. c4 bxc4 19. Nxc4 Be7 20. Qa4 Kf8 21. Nfe3 h5
22. Rd2 Ng4 23. h3 Nxe3 24. Nxe3 g4 25. hxg4 hxg4 26. Nxg4 f5 27. exf5 exf5 28.
Bxf5 Rd8 29. Qc2 Qb8 30. Bb2 Rxd2 31. Qxd2 Rh5 32. Be6 Nd8 33. Qd4 Nxe6 34.
Rxe6 Rh7 35. Ne5 Qa8 36. Ng6+ Kf7 37. Rxe7+ Kxg6 38. Qg4+ 1-0

[Event "GBR-ch72"]
[Site "Edinburgh"]
[Date "1985.08.05"]
[Round "7.3"]
[White "Chandler, Murray G"]
[Black "Johansen, Darryl Keith"]
[Result "0-1"]
[WhiteElo "2525"]
[BlackElo "2410"]
[PlyCount "156"]
[EventDate "1985.07.29"]
[EventType "swiss"]
[EventRounds "11"]
[EventCountry "GBR"]
[SourceTitle "BritBase"]
[Source "John Saunders"]
[SourceDate "2020.09.07"]
[SourceVersion "1"]
[SourceVersionDate "2020.09.07"]
[SourceQuality "2"]

1. e4 e6 2. d4 d5 3. Nc3 Bb4 4. e5 Qd7 5. a3 Bxc3+ 6. bxc3 b6 7. Qg4 f5 8. Qg3
Ba6 9. Bxa6 Nxa6 10. a4 Nb8 11. Nh3 Nc6 12. Nf4 O-O-O 13. Ba3 Na5 14. Bb4 Nc4
15. a5 Nh6 16. O-O Rhg8 17. Ra2 Qf7 18. Qg5 Rd7 19. Rfa1 Kb8 20. Nd3 Ka8 21. h3
Rc8 22. Qc1 Qe8 23. Qg5 Qg8 24. Nf4 Nf7 25. Qg3 Nd8 26. h4 Qf7 27. Qf3 Nc6 28.
Nd3 g6 29. Qf4 Qg7 30. Qg3 Qf7 31. Qg5 N6xa5 32. Bxa5 Nxa5 33. Nc5 Re7 34. Nb3
Nc6 35. Qc1 Rb8 36. Qa3 Rb7 37. Rb2 a5 38. Qa4 Qe8 39. Qb5 Na7 40. Qa6 Qb5 41.
Qxb5 Nxb5 42. Nc1 Nxc3 43. Ra3 Ne4 44. c3 f4 45. Nd3 Rf7 46. f3 Ng3 47. Kf2 Nf5
48. Nxf4 Nxd4 49. Nxd5 Nc6 50. Nb4 Nxe5 51. Re2 Rf5 52. Nc2 Nd3+ 53. Kg3 Re5
54. Rd2 Nb2 55. Rd8+ Rb8 56. Rd7 Rc5 57. Ra2 Nc4 58. Nd4 Ne5 59. Rxh7 Re8 60.
Kf4 $2 Kb7 61. Rg7 Nc4 62. Kg3 e5 63. Ne2 Re6 64. Kf2 b5 65. g4 Rd5 66. f4 a4
67. f5 gxf5 68. g5 Rd2 69. Rxd2 Nxd2 70. h5 Ne4+ 71. Kg2 b4 72. h6 b3 73. h7 b2
74. h8=Q b1=Q 75. Qh7 Rc6 76. Qxf5 Qc2 77. Qg4 Rxc3 78. Rg8 Rg3+ {(After this
ungrandmasterly performance, Chandler offered to return his fee!)} 0-1

[Event "GBR-ch72"]
[Site "Edinburgh"]
[Date "1985.08.05"]
[Round "7.4"]
[White "Hebden, Mark L"]
[Black "Rogers, Ian"]
[Result "1/2-1/2"]
[WhiteElo "2455"]
[BlackElo "2510"]
[PlyCount "91"]
[EventDate "1985.07.29"]
[EventType "swiss"]
[EventRounds "11"]
[EventCountry "GBR"]
[SourceTitle "BritBase"]
[Source "John Saunders"]
[SourceDate "2020.09.07"]
[SourceVersion "1"]
[SourceVersionDate "2020.09.07"]
[SourceQuality "2"]

1. e4 Nc6 2. d4 d5 3. e5 Bf5 4. Ne2 e6 5. Ng3 Bg6 6. h4 f6 7. h5 Bf7 8. f4 Qd7
9. c3 g6 10. Bd3 Nce7 11. Nd2 fxe5 12. fxe5 O-O-O 13. Nf3 Nf5 14. Nxf5 gxf5 15.
Bg5 Be7 16. Be3 Qe8 17. Ng5 h6 18. Nxf7 Qxf7 19. Qd2 Qg7 20. O-O-O Rf8 21. Rdf1
Bg5 22. g4 Ne7 23. gxf5 Nxf5 24. Bxg5 hxg5 25. Bxf5 exf5 26. Qg2 g4 27. Qxd5
Qg5+ 28. Kc2 f4 29. Qe6+ Kd8 30. Rhg1 g3 31. Qg6 Qxg6+ 32. hxg6 Rhg8 33. Kd3
Rxg6 34. Ke4 Rg4 35. Rf3 a5 36. a4 Ke7 37. d5 Rh4 38. c4 b6 39. b3 Kd7 40. Rff1
Ke7 41. Kf3 Rh2 42. Rg2 Rfh8 43. Rfg1 R2h4 44. Re1 Rf8 45. Rd2 Rf7 46. Rg2
1/2-1/2

[Event "GBR-ch72"]
[Site "Edinburgh"]
[Date "1985.08.05"]
[Round "7.5"]
[White "Condie, Mark L"]
[Black "Watson, William N"]
[Result "1-0"]
[WhiteElo "2405"]
[BlackElo "2435"]
[PlyCount "79"]
[EventDate "1985.07.29"]
[EventType "swiss"]
[EventRounds "11"]
[EventCountry "GBR"]
[SourceTitle "BritBase"]
[Source "John Saunders"]
[SourceDate "2020.09.07"]
[SourceVersion "1"]
[SourceVersionDate "2020.09.07"]
[SourceQuality "2"]

1. d4 Nf6 2. Nf3 g6 3. Bf4 d6 4. e3 Nh5 5. Bg5 h6 6. Bh4 g5 7. Bg3 Bg7 8. Bc4
Bf5 9. Nbd2 Nd7 10. e4 Bg6 11. c3 O-O 12. O-O Kh8 13. Re1 c5 14. e5 Nxg3 15.
hxg3 cxd4 16. exd6 e5 17. cxd4 exd4 18. Nb3 Nb6 19. Bd3 Qxd6 20. Bxg6 Qxg6 21.
Nbxd4 Rad8 22. Ne5 Bxe5 23. Rxe5 Rd6 24. Qg4 Nd7 25. Rf5 h5 26. Qe4 Kg8 27. Nf3
Nf6 28. Qb1 Nh7 29. Rb5 b6 30. Qxg6+ Rxg6 31. Rd1 Rc8 32. Rbd5 Rc2 33. Nd4 Rxb2
34. Nf5 Re6 35. Rd8+ Nf8 36. Ra8 Re5 37. Ne3 Rxe3 38. fxe3 Kg7 39. Rxa7 Re2 40.
Rf1 1-0

[Event "GBR-ch72"]
[Site "Edinburgh"]
[Date "1985.08.05"]
[Round "7.6"]
[White "Cummings, David H"]
[Black "Flear, Glenn C"]
[Result "0-1"]
[WhiteElo "2415"]
[BlackElo "2475"]
[PlyCount "72"]
[EventDate "1985.07.29"]
[EventType "swiss"]
[EventRounds "11"]
[EventCountry "GBR"]
[SourceTitle "BritBase"]
[Source "John Saunders"]
[SourceDate "2020.09.07"]
[SourceVersion "1"]
[SourceVersionDate "2020.09.07"]
[SourceQuality "2"]

1. Nf3 f5 2. g3 Nf6 3. Bg2 g6 4. d4 Bg7 5. O-O O-O 6. c4 d6 7. Nc3 Qe8 8. d5
Na6 9. Nd4 Bd7 10. Rb1 c6 11. b3 Nc7 12. Bb2 Rb8 13. b4 e5 14. dxe6 Nxe6 15.
Nxe6 Qxe6 16. c5 dxc5 17. bxc5 Qc4 18. Rc1 Qb4 19. Ba1 Rfd8 20. Qb3+ Qxb3 21.
axb3 Be6 22. b4 a6 23. Rfd1 Bb3 24. Rxd8+ Rxd8 25. e3 Kf7 26. Ne2 Rd2 27. Nd4
Bd5 28. Bc3 Ra2 29. f3 Bh6 30. Re1 Ng4 31. fxg4 Rxg2+ 32. Kf1 Rxh2 33. gxf5 Be4
34. g4 Bg5 35. Ra1 Bxe3 36. Be1 Bd5 0-1

[Event "GBR-ch72"]
[Site "Edinburgh"]
[Date "1985.08.05"]
[Round "7.7"]
[White "West, Guy"]
[Black "Hodgson, Julian M"]
[Result "0-1"]
[WhiteElo "2310"]
[BlackElo "2445"]
[PlyCount "68"]
[EventDate "1985.07.29"]
[EventType "swiss"]
[EventRounds "11"]
[EventCountry "GBR"]
[SourceTitle "BritBase"]
[Source "John Saunders"]
[SourceDate "2020.09.07"]
[SourceVersion "1"]
[SourceVersionDate "2020.09.07"]
[SourceQuality "2"]

1. e4 c5 2. Nf3 d6 3. c3 Nf6 4. h3 Nc6 5. d3 g6 6. Be2 Bg7 7. O-O O-O 8. Re1 c4
9. Bg5 cxd3 10. Bxd3 d5 11. Nbd2 dxe4 12. Nxe4 Qb6 13. Qb3 Qc7 14. Rad1 Be6 15.
Qa4 Rad8 16. Nxf6+ exf6 17. Be3 Rd5 18. Bc4 Ra5 19. Qb3 Bd7 20. Nd4 Ne5 21. Bb5
Bc8 22. Bf1 a6 23. c4 Nd7 24. a3 f5 25. Bd2 Bxd4 26. Bxa5 Qxa5 27. Qa2 Ba7 28.
b4 Qc7 29. c5 Bb8 30. g3 f4 31. Re7 fxg3 32. Bc4 Qf4 33. Rdxd7 Bxd7 34. Rxd7 g2
0-1

[Event "GBR-ch72"]
[Site "Edinburgh"]
[Date "1985.08.05"]
[Round "7.8"]
[White "Wells, Peter K"]
[Black "Ravikumar, Vaidyanathan"]
[Result "1/2-1/2"]
[WhiteElo "2365"]
[BlackElo "2370"]
[PlyCount "44"]
[EventDate "1985.07.29"]
[EventType "swiss"]
[EventRounds "11"]
[EventCountry "GBR"]
[SourceTitle "BritBase"]
[Source "John Saunders"]
[SourceDate "2020.09.07"]
[SourceVersion "1"]
[SourceVersionDate "2020.09.07"]
[SourceQuality "2"]

1. d4 Nf6 2. c4 e6 3. Nf3 d5 4. Nc3 c6 5. Bg5 h6 6. Bxf6 Qxf6 7. e3 Nd7 8. Bd3
Qd8 9. O-O Be7 10. Qe2 O-O 11. e4 dxe4 12. Nxe4 b6 13. Rad1 Bb7 14. Ne5 Qc7 15.
Ng3 Rad8 16. f4 c5 17. f5 Nxe5 18. dxe5 Bg5 19. Be4 Bc8 20. fxe6 fxe6 21. Bc2
Rxd1 22. Rxd1 Rf4 {etc (25, some ambiguities)} 1/2-1/2

[Event "GBR-ch72"]
[Site "Edinburgh"]
[Date "1985.08.05"]
[Round "7.9"]
[White "Prasad, Devaki V"]
[Black "Basman, Michael John"]
[Result "0-1"]
[WhiteElo "2375"]
[BlackElo "2400"]
[PlyCount "106"]
[EventDate "1985.07.29"]
[EventType "swiss"]
[EventRounds "11"]
[EventCountry "GBR"]
[SourceTitle "BritBase"]
[Source "John Saunders"]
[SourceDate "2020.09.07"]
[SourceVersion "1"]
[SourceVersionDate "2020.09.07"]
[SourceQuality "2"]

1. e4 e6 2. d4 a6 3. c4 b5 4. cxb5 axb5 5. Bxb5 Bb7 6. Nc3 Bb4 7. Bd3 f5 8. Qe2
Nf6 9. Bg5 fxe4 10. Bxf6 exd3 11. Qh5+ g6 12. Qg5 Be7 13. Bxe7 Qxe7 14. Qxe7+
Kxe7 15. f3 Nc6 16. Kd2 Ba6 17. d5 exd5 18. Nxd5+ Kd6 19. Nc3 Ne5 20. b3 c5 21.
Nh3 Kc6 22. Nf4 d6 23. Nfd5 Rae8 24. Rhe1 g5 25. Re3 Rhf8 26. Rae1 Bc8 27. Re4
Be6 28. Ne3 Ra8 29. Ned1 c4 30. bxc4 Rfb8 31. Rxe5 dxe5 32. Rxe5 Bxc4 33. Rxg5
Rg8 34. Rxg8 Rxg8 35. Ne3 Ba6 36. Ne4 Rb8 37. Kc3 Rb1 38. h4 Rc1+ 39. Kd2 Ra1
40. Nc3 Kc5 41. f4 Rh1 42. Ne4+ Kc6 43. Nf2 Rxh4 44. Nxd3 Bxd3 45. Kxd3 Rxf4
46. Ke2 Kc5 47. g3 Ra4 48. Kf3 Kd6 49. Ng2 Ke5 50. Nf4 Kf5 51. Ng2 Ra3+ 52.
Ne3+ Ke5 53. Kf2 Ke4 0-1

[Event "GBR-ch72"]
[Site "Edinburgh"]
[Date "1985.08.05"]
[Round "7.10"]
[White "Thipsay, Praveen Mahadeo"]
[Black "Levitt, Jonathan"]
[Result "1/2-1/2"]
[WhiteElo "2495"]
[BlackElo "2375"]
[PlyCount "63"]
[EventDate "1985.07.29"]
[EventType "swiss"]
[EventRounds "11"]
[EventCountry "GBR"]
[SourceTitle "BritBase"]
[Source "John Saunders"]
[SourceDate "2020.09.07"]
[SourceVersion "1"]
[SourceVersionDate "2020.09.07"]
[SourceQuality "2"]

1. e4 e6 2. d4 d5 3. Nc3 Bb4 4. e5 Ne7 5. a3 Bxc3+ 6. bxc3 c5 7. Qg4 Qc7 8.
Qxg7 Rg8 9. Qxh7 cxd4 10. Kd1 dxc3 11. Nf3 Nbc6 12. Bf4 Bd7 13. Ng5 O-O-O 14.
Nxf7 Rdf8 15. Rb1 Nf5 16. Nd6+ Nxd6 17. exd6 Qd8 18. Bg3 e5 19. Qd3 d4 20. Be2
Qg5 21. Ke1 Rg7 22. Qb5 Qd2+ 23. Kf1 Bf5 24. Bxe5 Rd7 25. Rd1 Qxc2 26. Qc5 d3
27. Bh5 Kb8 28. Bxc3 Bg6 29. Rd2 Qc1+ 30. Rd1 Qc2 31. Rd2 Qc1+ 32. Rd1 1/2-1/2

[Event "GBR-ch72"]
[Site "Edinburgh"]
[Date "1985.08.05"]
[Round "7.11"]
[White "Howell, James C"]
[Black "McNab, Colin Anderson"]
[Result "1-0"]
[WhiteElo "2370"]
[BlackElo "2420"]
[PlyCount "73"]
[EventDate "1985.07.29"]
[EventType "swiss"]
[EventRounds "11"]
[EventCountry "GBR"]
[SourceTitle "BritBase"]
[Source "John Saunders"]
[SourceDate "2020.09.07"]
[SourceVersion "1"]
[SourceVersionDate "2020.09.07"]
[SourceQuality "2"]

1. e4 g6 2. d4 d6 3. Nc3 Bg7 4. f4 Nc6 5. Be3 Nf6 6. Nf3 O-O 7. Be2 e6 8. O-O
Ne7 9. Bf2 Ng4 10. Qe1 b6 11. Rd1 Bb7 12. h3 Nxf2 13. Qxf2 c5 14. dxc5 bxc5 15.
e5 Nd5 16. Ne4 Nxf4 17. Nxd6 Nxe2+ 18. Qxe2 Bxf3 19. Rxf3 Qg5 20. Nxf7 Qe7 21.
Rdf1 Rab8 22. b3 Rb4 23. c4 Rb6 24. Nd6 Rxf3 25. Qxf3 Rb8 26. Qe3 Qc7 27. Rf7
Qa5 28. Rf2 Rd8 29. Kh2 Qb6 30. Rd2 Qc7 31. Kh1 Rf8 32. Rd1 Qa5 33. a4 Qc7 34.
Qe4 Rb8 35. Rd3 Qe7 36. h4 a6 37. Rf3 1-0

[Event "GBR-ch72"]
[Site "Edinburgh"]
[Date "1985.08.05"]
[Round "7.12"]
[White "Bryson, Douglas"]
[Black "Barua, Dibyendu"]
[Result "1-0"]
[WhiteElo "2275"]
[BlackElo "2410"]
[PlyCount "97"]
[EventDate "1985.07.29"]
[EventType "swiss"]
[EventRounds "11"]
[EventCountry "GBR"]
[SourceTitle "BritBase"]
[Source "John Saunders"]
[SourceDate "2020.09.07"]
[SourceVersion "1"]
[SourceVersionDate "2020.09.07"]
[SourceQuality "2"]

1. e4 e5 2. Nf3 Nf6 3. d4 Nxe4 4. Bd3 d5 5. Nxe5 Bd6 6. O-O O-O 7. c4 c6 8. Nc3
Nxc3 9. bxc3 Nd7 10. f4 Nf6 11. f5 Qc7 12. Bf4 dxc4 13. Bxc4 b5 14. Bb3 c5 15.
Qf3 Bb7 16. Qh3 c4 17. Bc2 Rfe8 18. Rae1 a5 19. Re3 Nd5 20. f6 g6 21. Rg3 Nxf4
22. Rxf4 Bxe5 23. Bxg6 hxg6 24. Qh6 Bxf6 25. Rxf6 Re1+ 26. Kf2 Re2+ 27. Kf1
Bxg2+ 28. Kg1 Qxg3 29. hxg3 Be4 30. Rf4 Re1+ 31. Kf2 Rh1 32. Rh4 Rxh4 33. Qxh4
Bd3 34. Qe7 b4 35. cxb4 c3 36. Ke1 Rc8 37. Kd1 c2+ 38. Kc1 Rb8 39. Qc5 Bf5 40.
g4 Be6 41. bxa5 Bxa2 42. a6 Ra8 43. Qa3 Be6 44. a7 Bd5 45. Qd6 Be4 46. Qe5 f5
47. d5 Kh7 48. Qe7+ Kh6 49. d6 1-0

[Event "GBR-ch72"]
[Site "Edinburgh"]
[Date "1985.08.05"]
[Round "7.13"]
[White "Pritchett, Craig William"]
[Black "Lawton, Geoffrey W"]
[Result "1-0"]
[WhiteElo "2395"]
[BlackElo "2360"]
[PlyCount "149"]
[EventDate "1985.07.29"]
[EventType "swiss"]
[EventRounds "11"]
[EventCountry "GBR"]
[SourceTitle "BritBase"]
[Source "John Saunders"]
[SourceDate "2020.09.07"]
[SourceVersion "1"]
[SourceVersionDate "2020.09.07"]
[SourceQuality "2"]

1. e4 c5 2. Nf3 Nc6 3. d4 cxd4 4. Nxd4 Nf6 5. Nc3 e5 6. Ndb5 d6 7. Bg5 a6 8.
Na3 b5 9. Nd5 Be7 10. Bxf6 Bxf6 11. c3 Ne7 12. Nc2 Nxd5 13. Qxd5 Be6 14. Qc6+
Ke7 15. Nb4 Qd7 16. Qxd7+ Kxd7 17. a4 Bc4 18. axb5 axb5 19. Rd1 Rhb8 20. Bxc4
bxc4 21. Kd2 Bd8 22. Kc2 Bb6 23. Ra1 Rf8 24. Rxa8 Rxa8 25. g4 f6 26. f3 h5 27.
Nd5 Bc5 28. h4 Rh8 29. Rh2 Ke6 30. b4 cxb3+ 31. Kxb3 g6 32. Kc4 Rc8 33. Kd3
hxg4 34. fxg4 f5 35. gxf5+ gxf5 36. Rg2 fxe4+ 37. Kxe4 Rh8 38. Rg4 Rh6 39. c4
Bf2 40. h5 Rxh5 41. Rg6+ Kf7 42. Rf6+ Ke8 43. Rxf2 Rh4+ 44. Kd3 Rh3+ 45. Kd2
Kd7 46. Rf7+ Ke6 47. Rf6+ Kd7 48. Ne3 Kc6 49. Kd3 Kc5 50. Rf8 Kc6 51. Rc8+ Kb7
52. Rg8 Kc6 53. Rg7 Kc5 54. Rb7 Kc6 55. Rb5 Rf3 56. Ra5 Rg3 57. Rd5 Rf3 58. Rb5
Rh3 59. Rb8 Kc7 60. Re8 Kc6 61. Rg8 Kd7 62. Ke4 Kc6 63. Nf5 Rh1 64. Rc8+ Kd7
65. Ra8 Ke6 66. Ra6 Re1+ 67. Ne3 Kd7 68. Kd3 Rh1 69. Nd5 Rh3+ 70. Ke4 Rh4+ 71.
Kf5 Rh5+ 72. Kg6 Rh4 73. Ra7+ Ke8 74. Kf5 Kd8 75. Ke6 1-0

[Event "GBR-ch72"]
[Site "Edinburgh"]
[Date "1985.08.05"]
[Round "7.14"]
[White "Conquest, Stuart"]
[Black "Motwani, Paul"]
[Result "1-0"]
[WhiteElo "2345"]
[BlackElo "2365"]
[PlyCount "52"]
[EventDate "1985.07.29"]
[EventType "swiss"]
[EventRounds "11"]
[EventCountry "GBR"]
[SourceTitle "BritBase"]
[Source "John Saunders"]
[SourceDate "2020.09.07"]
[SourceVersion "1"]
[SourceVersionDate "2020.09.07"]
[SourceQuality "2"]

1. d4 Nf6 2. Nf3 e6 3. e3 d5 4. Bd3 c5 5. c3 b6 6. O-O Nbd7 7. Nbd2 Bb7 8. Ne5
Bd6 9. f4 O-O 10. Qf3 Rc8 11. g4 Rc7 12. g5 Bxe5 13. dxe5 Ne4 14. Nxe4 dxe4 15.
Bxe4 Bxe4 16. Qxe4 Nb8 17. b4 cxb4 18. cxb4 Na6 19. a4 Qc8 20. Ba3 Rc4 21. Qb1
Rc3 22. Rc1 Rd8 23. b5 Rd2 24. Qe4 g6 25. bxa6 Kg7 26. Qb4 Rcc2 1-0

[Event "GBR-ch72"]
[Site "Edinburgh"]
[Date "1985.08.05"]
[Round "7.15"]
[White "Hawksworth, John C"]
[Black "Thomson, Craig"]
[Result "1/2-1/2"]
[WhiteElo "2370"]
[BlackElo "2260"]
[PlyCount "81"]
[EventDate "1985.07.29"]
[EventType "swiss"]
[EventRounds "11"]
[EventCountry "GBR"]
[SourceTitle "BritBase"]
[Source "John Saunders"]
[SourceDate "2020.09.07"]
[SourceVersion "1"]
[SourceVersionDate "2020.09.07"]
[SourceQuality "2"]

1. c4 c6 2. Nf3 d5 3. d4 Nf6 4. Nc3 dxc4 5. a4 Bf5 6. Ne5 e6 7. Nxc4 Bb4 8. Qb3
Na6 9. e3 O-O 10. Ne5 Qd5 11. Qxd5 cxd5 12. Bd2 Rfc8 13. Rc1 Ne4 14. f3 Nxd2
15. Kxd2 f6 16. Nd3 Ba5 17. Nf4 g5 18. g4 gxf4 19. gxf5 e5 20. Bb5 fxe3+ 21.
Kxe3 exd4+ 22. Kxd4 Bb6+ 23. Kd3 Nb4+ 24. Kd2 a6 25. Bd7 Rc4 26. Ne2 Rxc1 27.
Rxc1 Rd8 28. Be6+ Kf8 29. Nf4 Ke7 30. Rd1 Bc7 31. Ne2 d4 32. Rg1 d3 33. Rg7+
Kd6 34. Nc1 Kc6 35. Rg4 a5 36. Bc4 Be5 37. Nxd3 Nxd3 38. Bxd3 Bxb2 39. Kc2 Be5
40. Rh4 Rh8 41. h3 1/2-1/2

[Event "GBR-ch72"]
[Site "Edinburgh"]
[Date "1985.08.05"]
[Round "7.16"]
[White "Orr, Mark JL"]
[Black "Martin, Andrew D"]
[Result "0-1"]
[WhiteElo "2340"]
[BlackElo "2410"]
[PlyCount "155"]
[EventDate "1985.07.29"]
[EventType "swiss"]
[EventRounds "11"]
[EventCountry "GBR"]
[SourceTitle "BritBase"]
[Source "John Saunders"]
[SourceDate "2020.09.07"]
[SourceVersion "1"]
[SourceVersionDate "2020.09.07"]
[SourceQuality "2"]

1. e4 c5 2. Nf3 g6 3. d4 Bg7 4. Nc3 cxd4 5. Nxd4 Nc6 6. Be3 Nf6 7. Be2 O-O 8.
O-O d6 9. Qd2 Ng4 10. Bxg4 Bxg4 11. f3 Bd7 12. Nxc6 bxc6 13. Bd4 Bxd4+ 14. Qxd4
Qa5 15. Nd1 Rab8 16. b3 Rfd8 17. c4 Be6 18. Qc3 Qc5+ 19. Qe3 Qxe3+ 20. Nxe3 a5
21. Rab1 Rb7 22. Rfc1 c5 23. Rc3 a4 24. Kf2 Ra7 25. Rc2 Kf8 26. Ke1 axb3 27.
axb3 f5 28. exf5 Bxf5 29. Nxf5 gxf5 30. Kf2 Ra3 31. Rcb2 Kf7 32. f4 Rda8 33.
Rd1 Ra1 34. Rd3 R8a2 35. Rxa2 Rxa2+ 36. Kf3 h5 37. h4 Rb2 38. Kg3 e6 39. Kh2
Ke7 40. Kg1 Rb1+ 41. Kf2 Rh1 42. Kg3 Rf1 43. Rd2 Rb1 44. Rd3 Kd7 45. Kh2 Rf1
46. Kg3 Re1 47. Kf3 Kc6 48. g3 d5 49. Kf2 Re4 50. Rd1 d4 51. Ra1 Kb7 52. Ra5 d3
53. Ra2 Kb6 54. Rd2 Ka5 55. Rxd3 Kb4 56. Kf1 Ka3 57. Kf2 Kb2 58. Rd8 Kxb3 59.
Rh8 Kxc4 60. Rxh5 Kd3 61. Rh8 Rd4 62. Ke1 c4 63. Kd1 Kc3+ 64. Kc1 Rd3 65. Ra8
Rd7 66. Ra3+ Kd4 67. Kc2 Rg7 68. h5 Rh7 69. Ra6 Rxh5 70. Rd6+ Ke4 71. Rxe6+ Kf3
72. Rg6 Rh2+ 73. Kc3 Rg2 74. Rg5 Rxg3 75. Kxc4 Kxf4 76. Rh5 Re3 77. Kd4 Re8 78.
Kd3 0-1

[Event "GBR-ch72"]
[Site "Edinburgh"]
[Date "1985.08.05"]
[Round "7.17"]
[White "Bellin, Robert"]
[Black "Ivell, Nicholas W"]
[Result "1-0"]
[WhiteElo "2395"]
[BlackElo "2350"]
[PlyCount "39"]
[EventDate "1985.07.29"]
[EventType "swiss"]
[EventRounds "11"]
[EventCountry "GBR"]
[SourceTitle "BritBase"]
[Source "John Saunders"]
[SourceDate "2020.09.07"]
[SourceVersion "1"]
[SourceVersionDate "2020.09.07"]
[SourceQuality "2"]

1. f4 c5 2. Nf3 e6 3. e3 Nf6 4. b3 b6 5. Bb2 Bb7 6. g3 Be7 7. Bg2 O-O 8. Qe2
Qc7 9. O-O a6 10. d3 b5 11. Nbd2 Nc6 12. c4 d6 13. Ng5 Rab8 14. Nde4 Qd8 15. f5
exf5 16. Rxf5 Nxe4 17. Nxh7 Ng5 18. Nxf8 Qxf8 19. Qh5 Nh7 20. Rxf7 1-0

[Event "GBR-ch72"]
[Site "Edinburgh"]
[Date "1985.08.05"]
[Round "7.18"]
[White "Pigott, John C"]
[Black "Kosten, Anthony C"]
[Result "1-0"]
[WhiteElo "2330"]
[BlackElo "2395"]
[PlyCount "81"]
[EventDate "1985.07.29"]
[EventType "swiss"]
[EventRounds "11"]
[EventCountry "GBR"]
[SourceTitle "BritBase"]
[Source "John Saunders"]
[SourceDate "2020.09.07"]
[SourceVersion "1"]
[SourceVersionDate "2020.09.07"]
[SourceQuality "2"]

1. d4 Nf6 2. c4 e6 3. Nf3 b6 4. Nc3 Bb7 5. Bf4 Bb4 6. Qb3 a5 7. e3 Ne4 8. Bd3
d6 9. Qc2 f5 10. O-O Bxc3 11. bxc3 Nd7 12. c5 bxc5 13. Bc4 Qf6 14. Qb3 Nb6 15.
Bxe6 a4 16. Qb5+ Kf8 17. dxc5 Nxc5 18. Bc4 Bxf3 19. gxf3 g5 20. Bxd6+ Qxd6 21.
Rad1 Qe7 22. Bd3 Qe5 23. Bb1 Kf7 24. Rd4 Rhe8 25. f4 gxf4 26. Rxf4 Qg7+ 27. Kh1
Re5 28. Bxf5 Ke7 29. Qc6 Rg8 30. Rg4 Rxf5 31. Rxg7+ Rxg7 32. e4 Rh5 33. f4 Ncd7
34. f5 Rg4 35. e5 Rgh4 36. Rf2 Rh6 37. e6 Rc4 38. Qg2 Rf6 39. Qg7+ Kd8 40. exd7
Rcc6 41. Rd2 1-0

[Event "GBR-ch72"]
[Site "Edinburgh"]
[Date "1985.08.05"]
[Round "7.19"]
[White "Knott, Simon JB"]
[Black "Arkell, Keith C"]
[Result "1-0"]
[WhiteElo "2275"]
[BlackElo "2385"]
[PlyCount "85"]
[EventDate "1985.07.29"]
[EventType "swiss"]
[EventRounds "11"]
[EventCountry "GBR"]
[SourceTitle "BritBase"]
[Source "John Saunders"]
[SourceDate "2020.09.07"]
[SourceVersion "1"]
[SourceVersionDate "2020.09.07"]
[SourceQuality "2"]

1. c4 b6 2. Nc3 e6 3. e4 Bb7 4. Nf3 Bb4 5. Qb3 Bxc3 6. Qxc3 Bxe4 7. d3 Bxf3 8.
Qxg7 Qf6 9. Bh6 Qxg7 10. Bxg7 Bb7 11. Rg1 f6 12. g4 Nc6 13. g5 Nd4 14. O-O-O
Nf3 15. Rg3 Nxg5 16. Bxh8 Ke7 17. h4 Nf7 18. Bg7 Ne5 19. d4 Ng6 20. h5 Nf4 21.
h6 Kf7 22. d5 exd5 23. cxd5 Re8 24. Rg4 Ng6 25. d6 cxd6 26. Bc4+ d5 27. Rxd5
Bxd5 28. Bxd5+ Re6 29. Bxe6+ dxe6 30. Rc4 N8e7 31. Rc7 Ne5 32. Rxa7 Nd3+ 33.
Kc2 Nxf2 34. a4 Ng4 35. b4 Ne3+ 36. Kb3 e5 37. a5 bxa5 38. bxa5 N3f5 39. a6
Nd4+ 40. Kc4 Ndc6 41. Rc7 Kg6 42. a7 Nxa7 43. Rxe7 1-0

[Event "GBR-ch72"]
[Site "Edinburgh"]
[Date "1985.08.05"]
[Round "7.20"]
[White "Teichmann, Erik OMC"]
[Black "Bowden, Karl"]
[Result "0-1"]
[WhiteElo "2385"]
[BlackElo "2250"]
[PlyCount "56"]
[EventDate "1985.07.29"]
[EventType "swiss"]
[EventRounds "11"]
[EventCountry "GBR"]
[SourceTitle "BritBase"]
[Source "John Saunders"]
[SourceDate "2020.09.07"]
[SourceVersion "1"]
[SourceVersionDate "2020.09.07"]
[SourceQuality "2"]

1. b4 Nf6 2. Bb2 g6 3. c4 Bg7 4. Nf3 O-O 5. e3 c6 6. Nc3 d5 7. a4 Bg4 8. d4
Nbd7 9. h3 Bxf3 10. Qxf3 e5 11. c5 exd4 12. exd4 Ne4 13. Nxe4 Re8 14. O-O-O
dxe4 15. Qb3 Nf6 16. Bc4 Nd5 17. h4 Qd7 18. h5 Rad8 19. hxg6 hxg6 20. Qg3 Qf5
21. b5 Bf6 22. Rhf1 Nb4 23. Bc3 e3 24. Bxb4 e2 25. Bxe2 Rxe2 26. Qd3 Bg5+ 27.
f4 Bxf4+ 28. Kb1 Rxd4 0-1

[Event "GBR-ch72"]
[Site "Edinburgh"]
[Date "1985.08.05"]
[Round "7.21"]
[White "Emms, John"]
[Black "Hindle, Owen M"]
[Result "1/2-1/2"]
[WhiteElo "2245"]
[BlackElo "2380"]
[PlyCount "38"]
[EventDate "1985.07.29"]
[EventType "swiss"]
[EventRounds "11"]
[EventCountry "GBR"]
[SourceTitle "BritBase"]
[Source "John Saunders"]
[SourceDate "2020.09.07"]
[SourceVersion "1"]
[SourceVersionDate "2020.09.07"]
[SourceQuality "2"]

1. e4 e5 2. Bc4 Nf6 3. d3 Nc6 4. Nc3 Bb4 5. Nf3 d6 6. O-O Bg4 7. Nd5 Bc5 8. c3
Qd7 9. b4 Bb6 10. a4 a5 11. b5 Ne7 12. Nxb6 cxb6 13. Qb3 O-O 14. Ng5 d5 15.
exd5 Nexd5 16. Ba3 Rfe8 17. Ne4 Nxe4 18. dxe4 Nf4 19. f3 Be6 1/2-1/2

[Event "GBR-ch72"]
[Site "Edinburgh"]
[Date "1985.08.05"]
[Round "7.22"]
[White "Muir, Andrew Joseph"]
[Black "Morrison, Robert"]
[Result "1-0"]
[WhiteElo "2285"]
[BlackElo "2370"]
[PlyCount "63"]
[EventDate "1985.07.29"]
[EventType "swiss"]
[EventRounds "11"]
[EventCountry "GBR"]
[SourceTitle "BritBase"]
[Source "John Saunders"]
[SourceDate "2020.09.07"]
[SourceVersion "1"]
[SourceVersionDate "2020.09.07"]
[SourceQuality "2"]

1. d4 d5 2. c4 c6 3. cxd5 cxd5 4. Nc3 Nc6 5. Bf4 Nf6 6. e3 e6 7. Bd3 Bd6 8.
Bxd6 Qxd6 9. f4 Bd7 10. Nf3 Ng4 11. Qd2 f5 12. Ne5 Ncxe5 13. fxe5 Qe7 14. O-O
O-O 15. h3 Nh6 16. Rac1 Rfc8 17. Ne2 Nf7 18. Rxc8+ Rxc8 19. Qa5 Nd8 20. Rc1 Nc6
21. Qd2 Qf8 22. Nf4 a6 23. Rc5 g6 24. a3 Qd8 25. Kh2 Kg7 26. Rc1 Qh4 27. g4
fxg4 28. Rg1 gxh3 29. Bxg6 hxg6 30. Nxg6 Qe4 31. Ne7+ Kf7 32. Qf2+ 1-0